1902 1975 1379 1606 1811 1647 1537 1295 1862 1429 1752 1630 1330 1796 1918 1627 1008 1246 1066 1432 1407 1948 1777 1857 1259 1376 1664 1381 1561 1382 1388 1297 1611 1786 1396 1555 1297 1747 1746 1712 1889 1016 1094 1547 1574 1132 1940 1360 1974 1228 1363 1172 1287 1733 1521 1038 1533 1962 1452 1281 1438 1989 1844 1929 1494 1185 1941 1517 1276 1260 1695 1207 1353 1855 1678 1832 1550 1494 1169 1209 1579 1521 1753 1747 1288 1827 1307 1211 1202 1466 1202 1997 1117 1144 1914 1950 1749 1011 1509 BCNSPRNW ULIB Ver.6.0+V

เปลี่ยนเป็นภาษาไทย

Change to English
 แสดงรายละเอียดบรรณานุกรม
  กลับหน้าหลัก

Brief Record : Get Marc (ISO 2709) : E-mail record : QR code < ปิดหน้าต่าง
LEADER : 00000nam 2200000uu 4500
001    13399112414
003     ULIB
008    110815s2554||||th 000 0 tha d
024     9789744017888
060 04 WY156^bอ832ค
100 0   อุบล จ๋วงพานิช
245 10  คู่มือการพยาบาลผู้ป่วยมะเร็งที่ได้รับยาเคมีบำบัด /^cอุบล จ๋วงพานิช
250    พิมพ์ครั้งที่ 1
260    ขอนแก่น :^bโรงพิมพ์คลังนานาวิทยา,^c2554
300    177 หน้า :^bภาพประกอบ ;^c21 ซม.
650  4 การส่งเสริมสุขภาพ
650  4 มะเร็ง^xการป้องกันและควบคุม
650  4 มะเร็ง^xการพยาบาล
650  4  การพยาบาลผู้ป่วยมะเร็ง
710     หอผู้ป่วยเคมีบำบัด 5 จ. แผนการพยาบาลบำบัดพิเศษ งานบริการพยาบาล โรงพยาบาลศรีนครินทร์ คณะแพทยศาตร์ มหาวิทยาลัยขอนแก่น
945    ^p190^l0^i18501
945    ^p190^l0^i18502
945    ^p190^l0^i18503
995    กัณชพร
999    ^aใช้งานได้ทุกระบบ
รายการนี้ยังไม่มีแท็ก
คุณยังไม่ได้ล็อกอิน คุณสามารถมีกิจกรรมร่วมกับเว็บไซต์ได้ แต่ต้องล็อกอินก่อน ::
  ล็อกอิน

รายการสื่อสารสนเทศ

ลำดับที่ ประเภท เลขเรียก/บาร์โค้ด สถานที่ สถานะ
1. วิทยาศาสตร์การแพทย์ และสุขภาพ
วิทยาศาสตร์การแพทย์ และสุขภาพ
สถานะ=หนังสือเก่า
WY156 อ832ค  
  Barcode: 18501
ห้องสมุดวิทยาเขตนครสวรรค์
►ส่วนจัดเก็บหนังสือเก่า นว.
บนชั้น
  ขอยืม
2. วิทยาศาสตร์การแพทย์ และสุขภาพ
วิทยาศาสตร์การแพทย์ และสุขภาพ
สถานะ=หนังสือเก่า
WY156 อ832ค ฉ.2 
  Barcode: 18502
ห้องสมุดวิทยาเขตนครสวรรค์
►ส่วนจัดเก็บหนังสือเก่า นว.
บนชั้น
  ขอยืม
3. วิทยาศาสตร์การแพทย์ และสุขภาพ
วิทยาศาสตร์การแพทย์ และสุขภาพ
สถานะ=หนังสือเก่า
WY156 อ832ค ฉ.3 
  Barcode: 18503
ห้องสมุดวิทยาเขตนครสวรรค์
►ส่วนจัดเก็บหนังสือเก่า นว.
บนชั้น
  ขอยืม

รายการใกล้เคียง
    ผู้แต่ง [อุบล จ๋วงพานิช]

    หัวเรื่อง [การส่งเสริมสุขภาพ]
    หัวเรื่อง [มะเร็ง การป้องกันและควบคุม]
    หัวเรื่อง [การพยาบาลผู้ป่วยมะเร็ง]

BibComment


ยังไม่เคยถูกคอมเมนท์

คอมเมนท์ทรัพยากรรายการนี้
  คอมเมนท์: คู่มือการพยาบาลผ..


 Copyright 2026. Bcnsprnw @Library